Doja Cat - Vie - Statistics

General Stats
  • This quiz has been taken 56 times
  • The average score is 10 of 15
Answer Stats
2025 Vie % Correct
1 Cards
100%
14 Happy
85%
2 Jealous Type
85%
5 Gorgeous
79%
11 Acts of Service
70%
10 Silly! Fun!
70%
6 Stranger
70%
8 Take Me Dancing (feat. SZA)
70%
3 AAAHH! MEN!
67%
9 Lipstain
67%
15 Come Back
58%
4 Couples Therapy
58%
12 Make it Up
58%
7 All Mine
48%
13 One More Time
42%
No matching quizzes found
Score Distribution
Percent of People with Each Score
Percentile by Number Answered
Your Score History
You have not taken this quiz